000 00276nam a22001217a 4500
008 260430b |||||||| |||| 00| 0 eng d
082 _a001377
100 _aPanday, Baijanath
245 _aDasharupakam
260 _aDelhi
_bNew Age Books
_c2015
300 _a470p
942 _2ddc
999 _c1370
_d1370